<?xml version="1.0" encoding="UTF-8"?>
<record
    xmlns:xsi="http://www.w3.org/2001/XMLSchema-instance"
    xsi:schemaLocation="http://www.loc.gov/MARC21/slim http://www.loc.gov/standards/marcxml/schema/MARC21slim.xsd"
    xmlns="http://www.loc.gov/MARC21/slim">

  <leader>01127nam a2200193 a 4500</leader>
  <controlfield tag="008">190917t2014    sp  |||g |||| 001 0 spa d</controlfield>
  <datafield tag="020" ind1=" " ind2=" ">
    <subfield code="a">9789874578006</subfield>
  </datafield>
  <datafield tag="041" ind1=" " ind2=" ">
    <subfield code="a">spa</subfield>
  </datafield>
  <datafield tag="092" ind1=" " ind2=" ">
    <subfield code="c">808</subfield>
    <subfield code="l">97</subfield>
    <subfield code="s">YAN</subfield>
  </datafield>
  <datafield tag="100" ind1="1" ind2=" ">
    <subfield code="a">Yancey, Rick</subfield>
    <subfield code="9">4313</subfield>
  </datafield>
  <datafield tag="245" ind1=" " ind2="3">
    <subfield code="a">El mar infinito /</subfield>
    <subfield code="c">Rick Yancey</subfield>
  </datafield>
  <datafield tag="250" ind1=" " ind2=" ">
    <subfield code="a">1a ed.</subfield>
    <subfield code="b">Traducci&#xF3;n Pilar Ram&#xED;rez Tello</subfield>
  </datafield>
  <datafield tag="260" ind1=" " ind2=" ">
    <subfield code="a">Buenos Aires:</subfield>
    <subfield code="b">RBA;</subfield>
    <subfield code="c">2014.</subfield>
  </datafield>
  <datafield tag="300" ind1=" " ind2=" ">
    <subfield code="a">314 p.</subfield>
  </datafield>
  <datafield tag="500" ind1=" " ind2=" ">
    <subfield code="a">Yancey, R. (2014). El mar infinito. (1a ed.). Barcelona : RBA.</subfield>
  </datafield>
  <datafield tag="505" ind1=" " ind2=" ">
    <subfield code="a">Cassie Sullivan y sus compa&#xF1;eros han sobrevivido a las cuatro olas de destrucci&#xF3;n de los Otros. Ahora, con la raza humana pr&#xE1;cticamente exterminada y la quinta ola arras&#xE1;ndolo todo, se enfrentan a una elecci&#xF3;n: esperar a Evan Walker o huir en b&#xFA;squeda de otros supervivientes antes de que el enemigo los alcance. Consumidos, pero  no derrotados. Acosados, pero no sometidos. Esta guerra ha dejado de ser de humanos contra alien&#xED;genas. Es la lucha de la esperanza contra la desolaci&#xF3;n. De la fe contra el miedo. Del amor contra el odio. Y la humanidad es el campo de batalla. </subfield>
  </datafield>
  <datafield tag="655" ind1=" " ind2=" ">
    <subfield code="a">Literatura</subfield>
    <subfield code="9">2917</subfield>
  </datafield>
  <datafield tag="942" ind1=" " ind2=" ">
    <subfield code="2">ddc</subfield>
    <subfield code="c">LIT</subfield>
  </datafield>
  <datafield tag="999" ind1=" " ind2=" ">
    <subfield code="c">3264</subfield>
    <subfield code="d">3264</subfield>
  </datafield>
  <datafield tag="952" ind1=" " ind2=" ">
    <subfield code="0">0</subfield>
    <subfield code="1">0</subfield>
    <subfield code="2">ddc</subfield>
    <subfield code="4">0</subfield>
    <subfield code="7">0</subfield>
    <subfield code="a">BFM</subfield>
    <subfield code="b">BFM</subfield>
    <subfield code="c">CR</subfield>
    <subfield code="d">2025-05-14</subfield>
    <subfield code="e">Donaci&#xF3;n Mayo 2025, Hern&#xE1;ndez, Maria Jos&#xE9;.</subfield>
    <subfield code="l">0</subfield>
    <subfield code="o">808 97 YAN</subfield>
    <subfield code="p">5023</subfield>
    <subfield code="r">2025-05-14</subfield>
    <subfield code="t">Ej. 1</subfield>
    <subfield code="w">2025-05-14</subfield>
    <subfield code="y">LIT</subfield>
    <subfield code="z">Donaci&#xF3;n Mayo 2025, Hern&#xE1;ndez, Maria Jos&#xE9;. Sede Tordos</subfield>
    <subfield code="f"></subfield>
  </datafield>
</record>
